Shepherding God's flock : (Record no. 6506)
[ view plain ]
| 000 -LEADER | |
|---|---|
| fixed length control field | 01627nam a22002177a 4500 |
| 003 - CONTROL NUMBER IDENTIFIER | |
| control field | GBCCL |
| 005 - DATE AND TIME OF LATEST TRANSACTION | |
| control field | 20241126110604.0 |
| 008 - FIXED-LENGTH DATA ELEMENTS--GENERAL INFORMATION | |
| fixed length control field | 180516b ||||| |||| 00| 0 eng d |
| 040 ## - CATALOGING SOURCE | |
| Transcribing agency | GBC |
| 082 ## - DEWEY DECIMAL CLASSIFICATION NUMBER | |
| Classification number | 253.0202 |
| Item number | ADA |
| 100 ## - MAIN ENTRY--PERSONAL NAME | |
| Personal name | Adams, Jay Edward |
| 9 (RLIN) | 577 |
| 245 ## - TITLE STATEMENT | |
| Title | Shepherding God's flock : |
| Remainder of title | a handbook on pastoral ministry, counseling, and leadership |
| Statement of responsibility, etc. | Jay Edward Adams |
| 260 ## - PUBLICATION, DISTRIBUTION, ETC. | |
| Date of publication, distribution, etc. | 1986 |
| Place of publication, distribution, etc. | Grand Rapids, MI : |
| Name of publisher, distributor, etc. | Zondervan |
| 300 ## - PHYSICAL DESCRIPTION | |
| Extent | 3 volumes in 1. |
| 505 ## - FORMATTED CONTENTS NOTE | |
| Formatted contents note | Shepherding God's Flock is both a textbook for students of pastoral ministry and a handbook for pastors. Jay Adams is well-known for his practical and thorough approach to the many issues of Christian counseling. That same practicality and thoroughness is found in this unparalleled handbook on pastoral ministry. Not only does it offer pastors one of the best resources in print, but it also provides church elders with an orientation and practical guide to aspects of ministry for which they have responsibility. It is truly a shepherd's handbook. The book is divided into three parts. Pastoral Life deals with the pastor, his calling, and the general care he provides the flock. Pastoral Counseling provides an overview of the task and a general approach for pastoral counselors. Pastoral Leadership offers a perspective on the ways the pastor can lead the church in its many tasks and responsibilities. |
| 505 ## - FORMATTED CONTENTS NOTE | |
| Formatted contents note | v. 1. The pastoral life --<br/>v. 2. Pastoral counseling --<br/>v. 3. Pastoral leadership. |
| 650 ## - SUBJECT ADDED ENTRY--TOPICAL TERM | |
| Topical term or geographic name entry element | Pastoral theology. |
| 9 (RLIN) | 414 |
| 650 ## - SUBJECT ADDED ENTRY--TOPICAL TERM | |
| Topical term or geographic name entry element | Pastoral counseling. |
| 9 (RLIN) | 547 |
| 650 ## - SUBJECT ADDED ENTRY--TOPICAL TERM | |
| Topical term or geographic name entry element | Christian leadership. |
| 9 (RLIN) | 1568 |
| 942 ## - ADDED ENTRY ELEMENTS (KOHA) | |
| Source of classification or shelving scheme | Dewey Decimal Classification |
| Koha item type | Books |
| Koha issues (borrowed), all copies | 7 |
| Withdrawn status | Lost status | Source of classification or shelving scheme | Damaged status | Not for loan | Home library | Current Library | Shelving location | Date acquired | Total checkouts | Full call number | Barcode | Date last seen | Date last checked out | Copy number | Price effective from | Koha item type |
|---|---|---|---|---|---|---|---|---|---|---|---|---|---|---|---|---|
| Dewey Decimal Classification | GRACE BIBLE COLLEGE | GRACE BIBLE COLLEGE | Ministry & Mission | 2018-05-16 | 7 | 253.0202 ADA | 009968 | 2025-05-01 | 2024-02-19 | c.1 | 2018-05-16 | Books |